Loading...
Fine Arts - Classical Music and Opera | 5 | 14.00 | 100% | 40% | 0% |
Fine Arts - Other Arts | 5 | 24.00 | 100% | 80% | 60% |
Fine Arts - Painting and Sculpture | 9 | 16.67 | 89% | 56% | 22% |
Geography | 1 | 30.00 | 100% | 100% | 100% |
History - American History | 4 | 12.50 | 100% | 25% | 0% |
History - European History | 8 | 12.50 | 100% | 13% | 13% |
History - Other History | 4 | 17.50 | 100% | 50% | 25% |
History - World History | 6 | 16.67 | 100% | 33% | 33% |
Literature - American Literature | 4 | 17.50 | 100% | 75% | 0% |
Literature - British Literature | 10 | 17.00 | 90% | 60% | 20% |
Literature - European Literature | 3 | 16.67 | 100% | 67% | 0% |
Literature - World Literature | 9 | 14.44 | 100% | 44% | 0% |
Mythology | 3 | 20.00 | 67% | 100% | 33% |
Other Academic | 3 | 16.67 | 100% | 33% | 33% |
Other Culture | 3 | 13.33 | 67% | 67% | 0% |
Other Science (Computer Science) | 1 | 10.00 | 100% | 0% | 0% |
Other Science (Math) | 3 | 10.00 | 100% | 0% | 0% |
Philosophy | 4 | 12.50 | 100% | 25% | 0% |
Religion | 10 | 14.00 | 100% | 30% | 10% |
Science - Biology | 5 | 18.00 | 100% | 80% | 0% |
Science - Chemistry | 8 | 7.50 | 63% | 13% | 0% |
Science - Physics | 7 | 10.00 | 100% | 0% | 0% |
Social Science | 7 | 17.14 | 100% | 71% | 0% |